Introducing Social Semiotics / (Record no. 13806)
[ view plain ]
| 000 -LEADER | |
|---|---|
| fixed length control field | 01499cam a2200301 a 4500 |
| 001 - CONTROL NUMBER | |
| control field | 13611745 |
| 005 - DATE AND TIME OF LATEST TRANSACTION | |
| control field | 20061228102735.0 |
| 008 - FIXED-LENGTH DATA ELEMENTS--GENERAL INFORMATION | |
| fixed length control field | 040602s2005 enka |rb 001 0 eng |
| 010 ## - LIBRARY OF CONGRESS CONTROL NUMBER | |
| LC control number | 2004013007 |
| 020 ## - INTERNATIONAL STANDARD BOOK NUMBER | |
| International Standard Book Number | 0415249449 (pbk.) |
| 035 ## - SYSTEM CONTROL NUMBER | |
| System control number | (OCoLC)ocm55595594 |
| 040 ## - CATALOGING SOURCE | |
| Original cataloging agency | DLC |
| Transcribing agency | DLC |
| Modifying agency | YDX |
| -- | OCLCQ |
| -- | BAKER |
| -- | NLGGC |
| -- | DLC |
| 050 00 - LIBRARY OF CONGRESS CALL NUMBER | |
| Classification number | P99.4.S62 |
| Item number | V36 2005 |
| 082 00 - DEWEY DECIMAL CLASSIFICATION NUMBER | |
| Classification number | 302.2 |
| Edition number | 22 |
| Item number | LEE |
| 084 ## - OTHER CLASSIFICATION NUMBER | |
| Classification number | 71.50 |
| Source of number | bcl |
| 100 1# - MAIN ENTRY--PERSONAL NAME | |
| Personal name | Van Leeuwen, Theo, |
| Dates associated with a name | 1947- |
| 9 (RLIN) | 13221 |
| 245 10 - TITLE STATEMENT | |
| Title | Introducing Social Semiotics / |
| Statement of responsibility, etc | Theo van Leeuwen. |
| 260 ## - PUBLICATION, DISTRIBUTION, ETC. (IMPRINT) | |
| Place of publication, distribution, etc | London ; |
| -- | New York : |
| Name of publisher, distributor, etc | Routledge, 2005 |
| Date of publication, distribution, etc | 2005. |
| 300 ## - PHYSICAL DESCRIPTION | |
| Extent | xii, 301 p. : |
| Other physical details | ill. ; |
| Dimensions | 26 cm. |
| 504 ## - BIBLIOGRAPHY, ETC. NOTE | |
| Bibliography, etc | Includes bibliographical references and index. |
| 505 0# - FORMATTED CONTENTS NOTE | |
| Formatted contents note | Semiotic principles -- Semiotic resources -- Semiotic change -- Semiotic rules -- Semiotic functions -- Dimensions of semiotic analysis -- Discourse -- Genre -- Style -- Modality -- Multimodal cohesion -- Rhythm -- Composition -- Information linking -- Dialogue. |
| 650 #0 - SUBJECT ADDED ENTRY--TOPICAL TERM | |
| Topical term or geographic name as entry element | Semiotics |
| General subdivision | Social aspects. |
| 9 (RLIN) | 13222 |
| 856 41 - ELECTRONIC LOCATION AND ACCESS | |
| Materials specified | Table of contents |
| Uniform Resource Identifier | <a href="http://www.loc.gov/catdir/toc/ecip0418/2004013007.html">http://www.loc.gov/catdir/toc/ecip0418/2004013007.html</a> |
| 856 42 - ELECTRONIC LOCATION AND ACCESS | |
| Materials specified | Publisher description |
| Uniform Resource Identifier | <a href="http://www.loc.gov/catdir/enhancements/fy0650/2004013007-d.html">http://www.loc.gov/catdir/enhancements/fy0650/2004013007-d.html</a> |
| 942 ## - ADDED ENTRY ELEMENTS (KOHA) | |
| Source of classification or shelving scheme | Dewey Decimal Classification |
| Item type | Book - Borrowing |
| Withdrawn status | Item status | Source of classification or shelving scheme | Damaged status | Not for loan | Vendor | Home library | Current library | Shelving location | Date acquired | Source of acquisition | Cost, normal purchase price | Serial Enumeration / chronology | Total Checkouts | Total Renewals | Full call number | Barcode | Date last seen | Date last borrowed | Koha item type |
|---|---|---|---|---|---|---|---|---|---|---|---|---|---|---|---|---|---|---|---|
| Dewey Decimal Classification | Baccah | Central Library | Central Library | First floor | 28/03/2010 | 228.00 | 9836 | 2 | 4 | 302.2 LEE | 000020486 | 15/07/2025 | 02/10/2019 | Book - Borrowing |